| 000 | 005870000a22002050004500 | ||
|---|---|---|---|
| 003 | LK-CoMWRAF | ||
| 005 | 20231223225638.0 | ||
| 008 | 230817t2000 ||||| |||| 00| 0 eng d | ||
| 020 | _a955905290X | ||
| 040 |
_aLK-CoMWRAF _dLK-CoMWRAF _eLK-CoMWRAF |
||
| 041 | _aeng | ||
| 082 |
_a305 _bJAY |
||
| 100 | _aJayaweera, Swarna | ||
| 245 |
_aGender audit: _bplanning and monitoring institutions/organisations |
||
| 260 |
_aColombo: _bCentre for Women's Research, _c2000 |
||
| 300 | _a53 p. | ||
| 490 |
_aStudy series _vno.17 |
||
| 650 | _aWomen--Sri Lanka--Social conditions. | ||
| 942 | _cBK | ||
| 999 |
_c575 _d575 |
||